00755nam a2200289Ia 450000500170000000800460001702000140006303700070007704000080008404000080009204000080010004100080010804100080011608400150012408400080013910000350014724500500018224500260023226000150025826000310027326000090030430000090031394200070032294200150032999900210034495201000036520260401122248.0008 250103s9999 xx 000 0 eng d a691018995 aTB aEDL beng cEDL 2eng aeng a870.03 CUR qEDL aCurtius, Ernst Robert91233063 0aEuropean Literature and the Latin Middle Ages 0cCurtius, Ernst Robert aNew Jersey bPrinceton University Press c1990 a718p cTB h870.03 CUR c1846052d1846052 00104070aEDLbEDLd2026-04-01l0o870.03 CURpEL2151358r2026-04-01 12:22:48w2026-04-01yTB